000 00285nam a22001337a 4500
008 181203b xxu||||| |||| 00| 0 eng d
020 _a9780133539677
041 _aeng
080 _a531
100 _a43
101 _aFIZ
245 _aCollege Physics
_cJones.K
942 _2udc
_cBK
999 _c52697
_d52697